000 00434nam a2200193Ia 4500
001 14461
003 GE_BSU
008 181216s||||||||xx |||||||||||||| ||und||
040 _cGE_BSU
080 _a821.111-31
100 _aCarre,John Le
245 4 _aThe Honourable Schoolboy
260 _aLondon
260 _bBook club Associates
260 _c1977
300 _a532p.22cm.
653 _aThe Honourable Schoolboy
942 _cBK
999 _c47594
_d47594